Rundbriefe der Ostasien- und Indienreise /
Saved in:
| Main Author: | |
|---|---|
| Other Authors: | |
| Format: | Book |
| Language: | German |
| Published: |
Frankfurt am Main :
Lembeck,
c2004.
|
| Subjects: | |
| Tags: |
Add Tag
No Tags, Be the first to tag this record!
|
| LEADER | 01388cam a22003614a 4500 | ||
|---|---|---|---|
| 001 | 010291377-3 | ||
| 005 | 20070425090345.0 | ||
| 008 | 050624s2004 gw af 001 0 ger c | ||
| 016 | 7 | |a 970190662 |2 GyFmDB | |
| 020 | |a 3874764168 (pbk.) | ||
| 020 | |a 9783874764162 (pbk.) | ||
| 035 | 0 | |a ocm60744138 | |
| 040 | |a OHX |c OHX |d ZCU |d STF | ||
| 042 | |a pcc | ||
| 043 | |a ae----- |a a-ii--- | ||
| 050 | 4 | |a BL1055 |b .H45 2004 | |
| 072 | 7 | |a BL |2 lcco | |
| 100 | 1 | |a Heiler, Friedrich, |d 1892-1967. | |
| 245 | 1 | 0 | |a Rundbriefe der Ostasien- und Indienreise / |c Friedrich Heiler ; mit einer Prosopographie herausgegeben von Udo Tworuschka. |
| 260 | |a Frankfurt am Main : |b Lembeck, |c c2004. | ||
| 300 | |a 396 p., [16] p. of plates : |b ill. ; |c 23 cm. | ||
| 651 | 0 | |a East Asia |x Religion |y 20th century. | |
| 651 | 0 | |a India |x Religion |y 20th century. | |
| 651 | 0 | |a East Asia |x Description and travel. | |
| 651 | 0 | |a India |x Description and travel. | |
| 600 | 1 | 0 | |a Heiler, Friedrich, |d 1892-1967 |v Correspondence. |
| 600 | 1 | 0 | |a Heiler, Friedrich, |d 1892-1967 |x Travel |z East Asia. |
| 600 | 1 | 0 | |a Heiler, Friedrich, |d 1892-1967 |x Travel |z India. |
| 655 | 7 | |a Records and correspondence. |2 fast | |
| 700 | 1 | |a Tworuschka, Udo. | |
| 776 | 0 | 8 | |i Online version: |a Heiler, Friedrich, 1892-1967. |t Rundbriefe der Ostasien- und Indienreise. |d Frankfurt am Main : Lembeck, ©2004 |w (OCoLC)607821696 |
| 988 | |a 20070425 | ||
| 906 | |0 OCLC | ||


